Personas adultas mayores y derechos humanos /
Guardado en:
| Autor Corporativo: | |
|---|---|
| Formato: | Libro |
| Idioma: | Spanish |
| Publicado: |
Buenos Aires :
Ministerio de Justicia y Derechos Humanos de la Nación,
2011
|
| Series: | Derechos Humanos para Todos. Normas y acciones en un Estado de Derecho
|
| Materias: | |
| Acceso en línea: | https://fiapam.org/wp-content/uploads/2012/10/pochtar-personas-01.pdf |
| Etiquetas: |
Agregar Etiqueta
Sin Etiquetas, Sea el primero en etiquetar este registro!
|
| LEADER | 00778nam a22001815a 4500 | ||
|---|---|---|---|
| 001 | DER.der012781 | ||
| 005 | 20181114093148.0 | ||
| 008 | 180615s2011####ag#||||||||||||||#||spa|| | ||
| 020 | |a 978-987-1407-22-4 | ||
| 110 | 2 | |a Ministerio de Justicia y Derechos Humanos de la Nación. | |
| 245 | 1 | 0 | |a Personas adultas mayores y derechos humanos / |c Coordinado por Nora Pochtar y Santiago Norberto Pszemiarower |
| 260 | |a Buenos Aires : |b Ministerio de Justicia y Derechos Humanos de la Nación, |c 2011 | ||
| 300 | |a 104 p. | ||
| 440 | 0 | |a Derechos Humanos para Todos. |p Normas y acciones en un Estado de Derecho | |
| 653 | |a DERECHOS HUMANOS | ||
| 653 | |a ADULTOS MAYORES | ||
| 856 | |u https://fiapam.org/wp-content/uploads/2012/10/pochtar-personas-01.pdf | ||
| 859 | |a DERECHO |b BIB. DERECHO |h 323 |i MIN |p 007926 | ||
